|
|
|
|
| LEADER |
00821nam a2200265 a 4500 |
| 001 |
000008818 |
| 003 |
CZ BrMZK |
| 005 |
20210209103250.0 |
| 007 |
ta |
| 008 |
930301s1993 xr a f 000 0 cze d |
| 015 |
|
|
|a cnb000073367
|
| 020 |
|
|
|a 80-7026-091-2
|c 28.00
|
| 040 |
|
|
|a BOA001
|b cze
|
| 080 |
|
|
|a 635.92.05
|2 MRF
|
| 100 |
1 |
|
|a Burian, Samuel,
|d 1950-
|7 mzk2003202369
|4 aut
|
| 245 |
1 |
0 |
|a Popínavé rostliny :
|b pnoucí dřeviny pro každého /
|c Samuel Burian
|
| 260 |
|
|
|a Praha :
|b Mona,
|c 1993
|
| 300 |
|
|
|a 30 s. :
|b barev. il.
|
| 490 |
1 |
|
|a Lotos
|
| 653 |
0 |
|
|a popínavé rostliny
|
| 830 |
|
0 |
|a Lotos (Mona)
|0 s
|
| 910 |
|
|
|a BOA001
|b X2-0986.709
|
| 964 |
|
|
|a Rostliny popínavé - pěstování
|
| 990 |
|
|
|a BK
|
| 996 |
7 |
|
|b 2610000011
|c X2-0986.709
|l MZK
|r Sklad / do 24 hodin
|n 8
|p p.v.
|w 000008818
|u 000010
|a 1
|e BOA001
|j MZK50
|s A
|